| 000 | 01798cam a22004934a 4500 | ||
|---|---|---|---|
| 001 | 13339882 | ||
| 003 | GZU | ||
| 005 | 20260323090546.0 | ||
| 008 | 030911s2004 enkab b 001 0 eng | ||
| 010 | _a 2003020195 | ||
| 020 | _a0745322093 | ||
| 020 |
_a0745322085 _qpbk. |
||
| 020 | _a9780745322094 | ||
| 020 |
_a9780745322087 _q(pbk.) |
||
| 022 | _a. | ||
| 035 | _a13339882 | ||
| 040 |
_aDLC _cDLC _dDLC _beng _erda |
||
| 042 | _apcc | ||
| 043 | _af-so--- | ||
| 050 | 0 | 0 |
_aHQ1795 _b.SOM 2004 |
| 245 | 0 | 0 |
_aSomalia--the untold story : _bthe war through the eyes of Somali women / _cedited by Judith Gardner and Judy El Bushra. |
| 246 | 3 | 0 | _aWar through the eyes of Somali women |
| 260 |
_aLondon : _bCIIR ; _aLondon ; _aSterling, Va. : _bPluto Press, _c2004. |
||
| 300 |
_axiv, 257 pages : _billustrations, map ; _c23 cm. |
||
| 336 |
_atext _btxt _2rdacontent |
||
| 337 |
_aunmediated _bn _2rdamedia |
||
| 338 |
_avolume _bnc _2rdacarrier |
||
| 504 | _aIncludes bibliographical references (p. 241-245) and index. | ||
| 505 | _a. | ||
| 520 | _a. | ||
| 650 | 0 |
_aWomen _zSomalia. |
|
| 650 | 0 |
_aWomen refugees _zSomalia. |
|
| 650 | 0 |
_aWomen and war _zSomalia. |
|
| 650 | 0 |
_aWomen _xCrimes against _zSomalia. |
|
| 651 | 0 |
_aSomalia _xHistory _y1991- |
|
| 651 | 0 |
_aSomalia _xSocial conditions _y1960- |
|
| 700 | 1 |
_aGardner, Judith. _eeditor |
|
| 700 | 1 |
_aEl-Bushra, Judy. _eeditor |
|
| 710 | 2 | _aCatholic Institute for International Relations. | |
| 856 | 4 | 1 |
_3Table of contents _uhttp://www.loc.gov/catdir/toc/ecip048/2003020195.html |
| 856 | 4 | 2 |
_3Contributor biographical information _uhttp://www.loc.gov/catdir/enhancements/fy0904/2003020195-b.html |
| 856 | 4 | 2 |
_3Publisher description _uhttp://www.loc.gov/catdir/enhancements/fy0904/2003020195-d.html |
| 942 |
_2lcc _cBK _h1795 _iSOM _kHQ |
||
| 999 |
_c11749 _d11749 |
||